[Event "SR 2. liga A 2013/2014"]
[Site "?"]
[Date "2014.01.12"]
[Round "6.1"]
[White "Meszaros, Lorant"]
[Black "Kahancova, Jana"]
[Result "1-0"]
[WhiteElo "2027"]
[BlackElo "1652"]
[PlyCount "77"]
[EventDate "2013.??.??"]

1. d4 d5 2. c4 Nf6 3. cxd5 Nxd5 4. e4 Nb6 5. Nc3 g6 6. h3 Bg7 7. Nf3 N8d7 8. a4
a5 9. Be3 Nf6 10. Qb3 O-O 11. Be2 e6 12. O-O Re8 13. Rfd1 Rb8 14. Rac1 Bd7 15.
Ne5 Rc8 16. g4 Re7 17. g5 Ne8 18. Ng4 Bc6 19. h4 Qd7 20. Ne5 Qd8 21. Bg4 Rb8
22. Nf3 Nd6 23. d5 exd5 24. Bxb6 cxb6 25. exd5 Bd7 26. Nh2 Bxg4 27. Nxg4 Qd7
28. f3 Nf5 29. d6 Re6 30. Ne4 Qd8 31. d7 Nxh4 32. Nef6+ Kh8 33. Qd5 Nf5 34. Rc8
Rxc8 35. dxc8=R Qxc8 36. Qd8+ Re8 37. Nxe8 Qc5+ 38. Nf2 Bf8 39. Qd5 1-0

[Event "SR 2. liga A 2013/2014"]
[Site "?"]
[Date "2014.01.12"]
[Round "6.1"]
[White "Kahanec, Jan"]
[Black "Vegh, Vince"]
[Result "0-1"]
[WhiteElo "1693"]
[BlackElo "1938"]
[PlyCount "100"]
[EventDate "2013.??.??"]

1. e4 c5 2. Nc3 Nc6 3. d3 g6 4. Nf3 Bg7 5. Be3 d6 6. h3 e6 7. d4 cxd4 8. Nxd4
a6 9. Nxc6 bxc6 10. Bd4 e5 11. Be3 Nf6 12. Bc4 O-O 13. O-O Bb7 14. Bg5 h6 15.
Bxf6 Qxf6 16. Qe2 Rfd8 17. Rad1 Qe7 18. Bb3 Bc8 19. f4 exf4 20. Rxf4 Be6 21.
Rdf1 Bxb3 22. axb3 Rf8 23. Qc4 Be5 24. R4f3 Bxc3 25. bxc3 c5 26. b4 Qa7 27. Kh1
Rac8 28. Rf6 cxb4 29. Qa2 Kg7 30. cxb4 Qe7 31. Qb2 Qe5 32. Qxe5 dxe5 33. Rxa6
Rxc2 34. b5 Rb2 35. Rb6 f5 36. exf5 gxf5 37. Rc1 Rf6 38. Rc7+ Kg6 39. Rb8 f4
40. Rg8+ Kf5 41. g4+ Ke4 42. g5 hxg5 43. Rxg5 Rh6 44. Rc4+ Kd3 45. Rc5 Rxh3+
46. Kg1 e4 47. Rgd5+ Ke2 48. Rc1 Kf3 49. Rc3+ e3 50. Rc1 Rg2+ 0-1

[Event "SR 2. liga A 2013/2014"]
[Site "?"]
[Date "2014.01.12"]
[Round "6.1"]
[White "Szitasi, Janos"]
[Black "Matis, Tibor"]
[Result "1-0"]
[WhiteElo "1983"]
[BlackElo "1401"]
[PlyCount "115"]
[EventDate "2013.??.??"]

1. e4 c5 2. Nf3 e6 3. d4 cxd4 4. Nxd4 Nc6 5. Nc3 Bb4 6. Ndb5 d6 7. a3 Bxc3+ 8.
Nxc3 Nge7 9. Bf4 d5 10. exd5 Nxd5 11. Nxd5 exd5 12. Qd2 O-O 13. O-O-O d4 14. f3
Qd5 15. b3 b5 16. Bd3 a5 17. Be4 Qc5 18. Kb2 b4 19. axb4 axb4 20. Bxc6 Qxc6 21.
Qxb4 Bf5 22. Qc4 Qxc4 23. bxc4 Rfd8 24. Ra1 Rac8 25. Ra5 Bg6 26. c5 d3 27. cxd3
Rxd3 28. Rha1 f6 29. Ra8 Rxa8 30. Rxa8+ Kf7 31. c6 Bf5 32. c7 Rd4 33. Bg3 Rc4
34. Rd8 g5 35. Rd5 Be6 36. Rd3 h5 37. Rc3 Rxc3 38. Kxc3 h4 39. Bd6 Ke8 40. Kd4
f5 41. Ke5 Kf7 42. h3 g4 43. Kf4 gxf3 44. gxf3 Kf6 45. Bc5 Kg6 46. Bf2 Kh5 47.
Ke5 Bc8 48. f4 Kg6 49. Bxh4 Kf7 50. Bg5 Kg6 51. h4 Kf7 52. h5 Kg7 53. Kd6 Kf7
54. h6 Kf8 55. Bf6 Kg8 56. Ke7 Kh7 57. Bg5 Kg6 58. Kd8 1-0

[Event "SR 2. liga A 2013/2014"]
[Site "?"]
[Date "2014.01.12"]
[Round "6.2"]
[White "Sipos, Istvan"]
[Black "Cech, Dominik"]
[Result "1-0"]
[WhiteElo "2465"]
[BlackElo "2106"]
[PlyCount "61"]
[EventDate "2013.??.??"]

1. c4 Nf6 2. Nc3 g6 3. g3 Bg7 4. Bg2 O-O 5. Nf3 d6 6. O-O Nc6 7. d4 a6 8. h3
Rb8 9. Be3 Bd7 10. Qc1 b5 11. d5 Na5 12. cxb5 axb5 13. b4 Nc4 14. Bh6 e5 15.
dxe6 fxe6 16. Bxg7 Kxg7 17. Nxb5 d5 18. a4 c6 19. Na3 Rxb4 20. Nxc4 Rxc4 21.
Qa3 Qc7 22. a5 c5 23. Rac1 Rxc1 24. Rxc1 c4 25. a6 Qa7 26. e3 Bc8 27. Ra1 Ne4
28. Nd4 Nc5 29. h4 Nxa6 30. Qd6 Kg8 31. Nxe6 1-0

[Event "SR 2. liga A 2013/2014"]
[Site "?"]
[Date "2014.01.12"]
[Round "6.2"]
[White "Danada, Tomas"]
[Black "Berczes, Csaba"]
[Result "1/2-1/2"]
[WhiteElo "2099"]
[BlackElo "2366"]
[PlyCount "102"]
[EventDate "2013.??.??"]

1. e4 d6 2. g3 Nf6 3. Bg2 e5 4. Ne2 Be7 5. O-O c6 6. h3 d5 7. exd5 Nxd5 8. Nbc3
Be6 9. d3 Na6 10. Kh2 Nac7 11. f4 exf4 12. Nxf4 Nxf4 13. Bxf4 O-O 14. Qh5 Ne8
15. Ne4 Nf6 16. Nxf6+ Bxf6 17. Be5 Bxe5 18. Qxe5 Re8 19. Qc5 Qb6 20. Qxb6 axb6
21. a3 f5 22. Rae1 g6 23. Re5 Kg7 24. Rfe1 Kf6 25. g4 fxg4 26. hxg4 h6 27. d4
Bd7 28. Rxe8 Rxe8 29. Rxe8 Bxe8 30. Kg3 Kg5 31. d5 Bd7 32. dxc6 bxc6 33. Bf3 h5
34. gxh5 gxh5 35. Kf2 h4 36. b4 b5 37. Ke3 Kf5 38. Bg2 Ke5 39. c3 h3 40. Bf3 h2
41. Kf2 Bf5 42. Bxc6 Be4 43. Bxe4 Kxe4 44. Kg2 Kd3 45. Kxh2 Kxc3 46. a4 bxa4
47. b5 a3 48. b6 a2 49. b7 a1=Q 50. b8=Q Qb2+ 51. Qxb2+ Kxb2 1/2-1/2

[Event "SR 2. liga A 2013/2014"]
[Site "?"]
[Date "2014.01.12"]
[Round "6.2"]
[White "Janko, Michal"]
[Black "Petrik, Stanislav"]
[Result "1-0"]
[WhiteElo "2260"]
[BlackElo "2175"]
[PlyCount "65"]
[EventDate "2013.??.??"]

1. d4 Nf6 2. c4 e6 3. Nc3 Bb4 4. e3 c5 5. Nge2 d6 6. a3 Ba5 7. Rb1 Nc6 8. g3
O-O 9. Bg2 Qe7 10. O-O Bd7 11. Na2 Rab8 12. b4 Bc7 13. Nac3 b6 14. Qb3 a5 15.
Nb5 Bd8 16. bxc5 bxc5 17. Qc2 cxd4 18. exd4 Bb6 19. Rd1 Na7 20. Nxd6 Qxd6 21.
c5 Bxc5 22. Bf4 Rxb1 23. Rxb1 Qa6 24. Bb7 Ba4 25. Qxa4 Qxe2 26. dxc5 Ng4 27.
Qd4 e5 28. Qd2 Qc4 29. Be3 e4 30. Bd5 Qa4 31. Bxf7+ Kh8 32. Qd6 Ra8 33. Rb8+
1-0

[Event "SR 2. liga A 2013/2014"]
[Site "?"]
[Date "2014.01.12"]
[Round "6.2"]
[White "Petrik, Karol"]
[Black "Farkas, Gabor"]
[Result "0-1"]
[WhiteElo "2107"]
[BlackElo "2307"]
[PlyCount "120"]
[EventDate "2013.??.??"]

1. e4 e6 2. d4 d5 3. exd5 Qxd5 4. Nf3 Nf6 5. Be2 Be7 6. O-O O-O 7. c4 Qd8 8.
Qc2 b6 9. Rd1 Bb7 10. Nc3 Nbd7 11. Bf4 Bb4 12. Nb5 Ne8 13. a3 Bd6 14. Be3 a6
15. Nc3 Qe7 16. b4 c5 17. dxc5 bxc5 18. Ne4 Bxe4 19. Qxe4 Rb8 20. b5 f5 21. Qd3
f4 22. Bc1 e5 23. Nd2 Ndf6 24. Bf3 Bc7 25. bxa6 Rd8 26. Qc2 Nd6 27. Bb2 Bb8 28.
Re1 Nf7 29. Ne4 Qa7 30. Qa4 Nxe4 31. Bxe4 Rd6 32. Qc2 Qxa6 33. Bxh7+ Kh8 34.
Be4 Rh6 35. Bd5 f3 36. Bxf3 e4 37. Rxe4 Bxh2+ 38. Kf1 Bd6 39. Qc3 Rg8 40. g3
Qc8 41. Qe3 Rh2 42. Bg4 Qb7 43. Kg1 Qxb2 44. Kxh2 Qxa1 45. Be6 Qf6 46. Bxf7 Rf8
47. Bd5 Qxf2+ 48. Qxf2 Rxf2+ 49. Kg1 Rf6 50. Rh4+ Rh6 51. Rg4 Be5 52. Kg2 Kh7
53. Re4 Bd4 54. Be6 Kg6 55. a4 Rh8 56. Bd5 Rb8 57. a5 Rb2+ 58. Kf3 Ra2 59. Be6
Kg5 60. a6 Rf2# 0-1

[Event "SR 2. liga A 2013/2014"]
[Site "?"]
[Date "2014.01.12"]
[Round "6.2"]
[White "Janko, Ladislav"]
[Black "Karas, Marek"]
[Result "0-1"]
[WhiteElo "2202"]
[BlackElo "2037"]
[PlyCount "98"]
[EventDate "2013.??.??"]

1. e4 e6 2. d4 d5 3. Nd2 c5 4. exd5 Qxd5 5. Ngf3 cxd4 6. Bc4 Qd6 7. O-O Nc6 8.
Nb3 Nf6 9. Nbxd4 Nxd4 10. Nxd4 a6 11. Bb3 Qc7 12. Re1 Bd6 13. Nf3 Bd7 14. Qe2
Bc6 15. h3 O-O-O 16. c3 Bb5 17. c4 Bc6 18. Ne5 Be4 19. f4 Bb4 20. Rf1 Bg6 21.
Nxg6 hxg6 22. Bc2 Rd4 23. a3 Qxc4 24. Qf2 Bc5 25. b4 Rd2 26. Bxd2 Bxf2+ 27.
Rxf2 Kb8 28. Rc1 Rc8 29. Be3 Qc3 30. Re2 Nd5 31. Bc5 b6 32. Bd6+ Kb7 33. Be5
Qxa3 34. Ra1 Qxb4 35. Bd3 Qc5+ 36. Kh1 a5 37. Bxg7 Nxf4 38. Be4+ Ka7 39. Rd2 f5
40. Rd7+ Rc7 41. Bd4 Rxd7 42. Bxc5 bxc5 43. Bc6 Rd6 44. Be8 Ka6 45. Rb1 e5 46.
Rb8 e4 47. Kh2 e3 48. Bb5+ Ka7 49. Re8 Re6 0-1

[Event "SR 2. liga A 2013/2014"]
[Site "?"]
[Date "2014.01.12"]
[Round "6.2"]
[White "Helbich, Branislav"]
[Black "Balogh, Peter"]
[Result "0-1"]
[WhiteElo "2050"]
[BlackElo "2081"]
[PlyCount "58"]
[EventDate "2013.??.??"]

1. e4 e5 2. Nf3 Nc6 3. Bb5 f5 4. d3 fxe4 5. dxe4 Nf6 6. Qe2 Bc5 7. Bxc6 bxc6 8.
Nxe5 Qe7 9. Nd3 Ba6 10. Nc3 O-O 11. Bg5 Rae8 12. O-O d5 13. Qd2 Bxd3 14. cxd3
Qe5 15. Bf4 Qh5 16. Bxc7 dxe4 17. Nxe4 Rxe4 18. dxe4 Nxe4 19. Qd1 Qg5 20. Bg3
h5 21. Qc2 Qf5 22. Rac1 g5 23. Qb3+ Kh7 24. Qb7+ Rf7 25. Qxc6 h4 26. Bb8 Bxf2+
27. Kh1 h3 28. Qc2 hxg2+ 29. Kxg2 Qf3# 0-1

[Event "SR 2. liga A 2013/2014"]
[Site "?"]
[Date "2014.01.12"]
[Round "6.2"]
[White "Goga, Frantisek"]
[Black "Puobis, Jozef"]
[Result "1/2-1/2"]
[WhiteElo "1887"]
[BlackElo "1857"]
[PlyCount "20"]
[EventDate "2013.??.??"]

1. e4 e5 2. Nf3 Nc6 3. d4 exd4 4. Bc4 Be7 5. O-O d6 6. Nxd4 Nxd4 7. Qxd4 Nf6 8.
Nc3 O-O 9. f3 c6 10. a4 Qb6 1/2-1/2

[Event "SR 2. liga A 2013/2014"]
[Site "?"]
[Date "2014.01.12"]
[Round "6.3"]
[White "Rohacek, Miroslav"]
[Black "Sosovicka, Juraj"]
[Result "1-0"]
[WhiteElo "2246"]
[BlackElo "2188"]
[PlyCount "119"]
[EventDate "2013.??.??"]

1. e4 e5 2. Nf3 Nc6 3. d4 exd4 4. Nxd4 Nf6 5. Nc3 Bb4 6. Nxc6 bxc6 7. Bd3 d5 8.
exd5 cxd5 9. O-O O-O 10. Bg5 c6 11. Na4 Be7 12. c3 Be6 13. Bc2 Nd7 14. Qd3 g6
15. Bxe7 Qxe7 16. Qg3 Nc5 17. Rfe1 Rab8 18. Nxc5 Qxc5 19. b3 d4 20. Be4 Qxc3
21. Qxc3 dxc3 22. Rac1 Bd5 23. Bxd5 cxd5 24. Rxc3 Rfc8 25. Rec1 Rxc3 26. Rxc3
a5 27. a3 Kg7 28. Kf1 Kf6 29. Ke2 Ke5 30. Re3+ Kd4 31. Kd2 Rb6 32. Rd3+ Ke4 33.
Rh3 h5 34. Rh4+ Ke5 35. Kc3 Rc6+ 36. Kd3 Rb6 37. b4 axb4 38. Rxb4 Ra6 39. f4+
Kd6 40. a4 Kc5 41. Kc3 Re6 42. Rb5+ Kc6 43. g3 Re4 44. Ra5 h4 45. Ra7 hxg3 46.
hxg3 Re3+ 47. Kd4 Rxg3 48. Rxf7 Ra3 49. Rf6+ Kc7 50. Ra6 Rf3 51. Ke5 d4 52. Ke4
Rf2 53. Rxg6 d3 54. Rg3 d2 55. Rd3 Re2+ 56. Kf3 Re8 57. Rxd2 Kc6 58. f5 Kc5 59.
Kf4 Rf8 60. a5 1-0

[Event "SR 2. liga A 2013/2014"]
[Site "?"]
[Date "2014.01.12"]
[Round "6.3"]
[White "Zatko, Gregor"]
[Black "Machalova, Veronika"]
[Result "1/2-1/2"]
[WhiteElo "2188"]
[BlackElo "2224"]
[PlyCount "53"]
[EventDate "2013.??.??"]

1. e4 c5 2. Nf3 e6 3. d3 Nc6 4. g3 g6 5. Bg2 Bg7 6. Nbd2 Nge7 7. O-O O-O 8. c3
d5 9. Re1 Qc7 10. h4 b5 11. Qe2 b4 12. c4 dxc4 13. Nxc4 Ba6 14. e5 Bxc4 15.
dxc4 Nf5 16. Bf4 Ncd4 17. Nxd4 Nxd4 18. Qe4 a5 19. h5 a4 20. Rad1 Rad8 21. Rd3
Nf5 22. Red1 Rxd3 23. Rxd3 Rd8 24. Qb7 Qa5 25. hxg6 hxg6 26. Qb5 Qc7 27. Qb7
1/2-1/2

[Event "SR 2. liga A 2013/2014"]
[Site "?"]
[Date "2014.01.12"]
[Round "6.3"]
[White "Kimerling, Martin"]
[Black "Oprea, Erik"]
[Result "1/2-1/2"]
[WhiteElo "2109"]
[BlackElo "2130"]
[PlyCount "107"]
[EventDate "2013.??.??"]

1. d4 d6 2. Nf3 c6 3. c4 Nd7 4. g3 e5 5. Nc3 Ngf6 6. e4 Be7 7. Bg2 Qc7 8. O-O
b6 9. h3 Nf8 10. Be3 Ng6 11. Rc1 c5 12. Nd5 Nxd5 13. cxd5 O-O 14. dxe5 dxe5 15.
Qb3 Ba6 16. Rfd1 Bd6 17. Qa4 Qb7 18. b3 Rad8 19. Bf1 Bxf1 20. Kxf1 f5 21. exf5
Rxf5 22. Ng5 Rdf8 23. Ne4 Bc7 24. Qc4 Kh8 25. b4 Rf3 26. Rc3 Bd8 27. bxc5 Qd7
28. c6 Qxh3+ 29. Ke2 b5 30. Qxb5 Qg4 31. Kd2 Qxe4 32. c7 Bg5 33. Qd3 Rxf2+ 34.
Kc1 Qb4 35. Rb3 Qc5+ 36. Rc3 Qb6 37. Rd2 Rf1+ 38. Rd1 R1f2 39. Rd2 Rf1+ 40. Rd1
Bxe3+ 41. Qxe3 Rxd1+ 42. Kxd1 Qa6 43. Qd3 Qa4+ 44. Kc1 Qd7 45. Qa6 Rc8 46. d6
Nf8 47. Rb3 Rxc7+ 48. dxc7 Qxc7+ 49. Kb2 Qc5 50. Qd3 Qf2+ 51. Ka3 Qc5+ 52. Kb2
Qf2+ 53. Qc2 Qd4+ 54. Rc3 1/2-1/2

[Event "SR 2. liga A 2013/2014"]
[Site "?"]
[Date "2014.01.12"]
[Round "6.3"]
[White "Hricak, Vasil"]
[Black "Machalova, Erika"]
[Result "1-0"]
[WhiteElo "2118"]
[BlackElo "2096"]
[PlyCount "37"]
[EventDate "2013.??.??"]

1. e4 c5 2. d4 cxd4 3. c3 dxc3 4. Nxc3 e6 5. Nf3 d6 6. Bc4 Be7 7. O-O Nf6 8.
Qe2 a6 9. Rd1 Nbd7 10. Bf4 b5 11. Bb3 Qb6 12. Nd5 exd5 13. exd5 Ne5 14. Nxe5
dxe5 15. Qxe5 Nd7 16. Qe2 Kf8 17. Re1 Qd8 18. Bc7 Qe8 19. d6 1-0

[Event "SR 2. liga A 2013/2014"]
[Site "?"]
[Date "2014.01.12"]
[Round "6.3"]
[White "Sebo, Viktor"]
[Black "Sosovicka, Matej"]
[Result "1-0"]
[WhiteElo "2039"]
[BlackElo "2098"]
[PlyCount "93"]
[EventDate "2013.??.??"]

1. e4 e5 2. Nf3 Nc6 3. Nc3 Nf6 4. d4 Bb4 5. d5 Ne7 6. Bd3 d6 7. O-O O-O 8. h3
h6 9. Nh4 g5 10. Qf3 Kg7 11. Nf5+ Bxf5 12. exf5 Bxc3 13. bxc3 Nexd5 14. h4 g4
15. Qg3 Kh7 16. c4 Nb4 17. Qe3 Ng8 18. Qg3 Nxd3 19. cxd3 Qf6 20. f3 gxf3 21.
Rxf3 e4 22. Rb1 exf3 23. Bb2 fxg2 24. Bxf6 Nxf6 25. Qf4 Rg8 26. Qd4 Nh5 27. Rb2
Ng3 28. Qd5 Raf8 29. Rxg2 Ne2+ 30. Kf1 Nf4 31. Rxg8 Nxd5 32. Rxf8 Kg7 33. Rc8
Ne3+ 34. Kf2 Nxf5 35. Rxc7 Nxh4 36. Rxb7 Kf6 37. Rxa7 Ke6 38. d4 f6 39. d5+ Ke5
40. Re7+ Kd4 41. Re6 Ng6 42. Rxf6 Ne5 43. Rxd6 Kxc4 44. a4 Kc5 45. Rd8 Nf7 46.
Rf8 Ne5 47. a5 1-0

[Event "SR 2. liga A 2013/2014"]
[Site "?"]
[Date "2014.01.12"]
[Round "6.3"]
[White "Prikler, Bruno"]
[Black "Sklars, Tomas"]
[Result "1-0"]
[WhiteElo "2090"]
[BlackElo "2004"]
[PlyCount "113"]
[EventDate "2013.??.??"]

1. c4 Nf6 2. Nc3 g6 3. g3 Bg7 4. Bg2 O-O 5. e3 e5 6. Nge2 c6 7. O-O Na6 8. a3
Nc7 9. b3 d5 10. d3 Bf5 11. e4 Be6 12. h3 Qd7 13. Kh2 Rad8 14. Qc2 Nfe8 15. Bb2
f5 16. exd5 cxd5 17. f4 e4 18. dxe4 dxe4 19. Rad1 Qe7 20. Rxd8 Qxd8 21. Rd1 Qe7
22. Nd5 Nxd5 23. cxd5 Bxb2 24. Qxb2 Bf7 25. Qe5 Qd7 26. Nc3 Nd6 27. Bf1 Rc8 28.
Qd4 a6 29. Na4 Rc2+ 30. Kh1 Qc7 31. b4 Ra2 32. Qc5 Qe7 33. Qe3 Rc2 34. Nc5 Qf6
35. Rd4 Be8 36. Rd2 Rc3 37. Qe1 Rxa3 38. Rd1 Ra2 39. Rd2 Qc3 40. Re2 Qxe1 41.
Rxe1 Rd2 42. Rc1 Bf7 43. Nd7 Kg7 44. Nb6 Bxd5 45. Nxd5 Rxd5 46. Rc2 Rd4 47. g4
Kf6 48. g5+ Ke6 49. Rc7 Rxb4 50. Rxh7 a5 51. Rg7 a4 52. Rxg6+ Kd7 53. Rg7+ Kc6
54. Rg8 a3 55. Ra8 Rb3 56. Kg2 Rb2+ 57. Kg3 1-0

[Event "SR 2. liga A 2013/2014"]
[Site "?"]
[Date "2014.01.12"]
[Round "6.3"]
[White "Sahidi, Samir"]
[Black "Ochrana, Ladislav"]
[Result "0-1"]
[WhiteElo "1885"]
[BlackElo "2045"]
[PlyCount "140"]
[EventDate "2013.??.??"]

1. Nf3 c5 2. c4 Nf6 3. d4 e6 4. Nc3 cxd4 5. Nxd4 Bc5 6. a3 Nc6 7. e3 O-O 8. Nc2
d5 9. cxd5 exd5 10. Nb5 Bg4 11. Be2 Bxe2 12. Qxe2 d4 13. Nbxd4 Bxd4 14. exd4
Nxd4 15. Nxd4 Qxd4 16. O-O Rfe8 17. Be3 Qe5 18. Qf3 Nd5 19. Bd4 Qxd4 20. Rfd1
Qxb2 21. Qxd5 b6 22. a4 Qe5 23. Qd7 Qe7 24. Qb5 Rad8 25. Rf1 Qe2 26. Qc6 Rc8
27. Qb7 Qe7 28. Qf3 Rc5 29. h3 Qc7 30. Rfd1 g6 31. Qf6 Rf5 32. Qd4 Qe5 33. Qd7
Re7 34. Qd3 Qf6 35. Ra2 Kg7 36. Rc2 Rfe5 37. Rcc1 Re2 38. Rf1 Qb2 39. Rcd1 Qe5
40. Qc4 Rc7 41. Qb4 Rcc2 42. Rd8 Qc5 43. Qf4 Qc7 44. Qd4+ Qe5 45. Qb4 Qc5 46.
Qf4 Rc4 47. Qf3 Ree4 48. Qb3 Rb4 49. Qa2 Rxa4 50. Qb2+ Qe5 51. Qc2 Ra1 52. Rdd1
Rxd1 53. Qxd1 a5 54. Qd2 a4 55. Rb1 b5 56. Qa5 Re2 57. Qb4 Re4 58. Qa5 h5 59.
g3 Re2 60. Qb4 Kh7 61. h4 Qf5 62. Rf1 Rc2 63. Qa3 Qf6 64. Qb4 Rb2 65. Qa5 Qf3
66. Qc7 a3 67. Qe5 b4 68. Qd4 b3 69. Re1 Rc2 70. Rf1 b2 0-1

[Event "SR 2. liga A 2013/2014"]
[Site "?"]
[Date "2014.01.12"]
[Round "6.3"]
[White "Szollos, Ondrej"]
[Black "Macko, Miroslav"]
[Result "0-1"]
[WhiteElo "1983"]
[BlackElo "1699"]
[PlyCount "62"]
[EventDate "2013.??.??"]

1. Nf3 d5 2. d3 Nf6 3. Bg5 Bf5 4. Nbd2 h6 5. Bh4 Nbd7 6. Bg3 Nh5 7. e4 Nxg3 8.
hxg3 dxe4 9. dxe4 Bh7 10. Bd3 e5 11. Qe2 Bc5 12. c3 Qe7 13. Nc4 a6 14. Ne3 Nf6
15. Rh4 g5 16. Rxh6 Bxe3 17. fxe3 Rg8 18. Nd2 Qd6 19. O-O-O O-O-O 20. Bc2 Bg6
21. Nf3 Qe6 22. b3 Qg4 23. Qe1 Rxd1+ 24. Qxd1 Qxg3 25. Qf1 g4 26. Nd2 Qxe3 27.
Rh1 Nxe4 28. Bxe4 Bxe4 29. Qc4 Rd8 30. Rd1 Bf5 31. a3 Rd3 0-1

[Event "SR 2. liga A 2013/2014"]
[Site "?"]
[Date "2014.01.12"]
[Round "6.4"]
[White "Banas, Jan"]
[Black "Slacky, Stanislav"]
[Result "1-0"]
[WhiteElo "2293"]
[BlackElo "2208"]
[PlyCount "91"]
[EventDate "2013.??.??"]

1. c4 d6 2. Nc3 c6 3. e4 e5 4. d4 Na6 5. Nf3 Bg4 6. Be2 Bxf3 7. Bxf3 Be7 8. O-O
Nf6 9. b3 O-O 10. Bb2 exd4 11. Qxd4 Nc5 12. Rad1 Qc7 13. Ne2 Rad8 14. Ng3 Ne6
15. Qe3 Nd7 16. Nf5 Bg5 17. Qe2 Ne5 18. g3 g6 19. Ne3 Qb6 20. Ng4 Nxg4 21. Bxg4
Bh6 22. Bf6 Rde8 23. Rxd6 Bg7 24. Bxg7 Nxg7 25. Qd3 Qc5 26. Rd7 Qg5 27. Bh3 Nh5
28. Bg2 Re7 29. h4 Qc5 30. Rxe7 Qxe7 31. Rd1 Qa3 32. Qc3 b5 33. e5 Qxa2 34.
Bxc6 bxc4 35. bxc4 Qa6 36. Bd5 Rc8 37. Qd4 Re8 38. Ra1 Qb6 39. Qxb6 axb6 40.
Ra7 Rxe5 41. Bxf7+ Kf8 42. Bd5 Re7 43. Ra6 Re1+ 44. Kg2 Rb1 45. Ra7 Ng7 46.
Rf7+ 1-0

[Event "SR 2. liga A 2013/2014"]
[Site "?"]
[Date "2014.01.12"]
[Round "6.4"]
[White "Bronis, Marian"]
[Black "Janos, Martin"]
[Result "0-1"]
[WhiteElo "2175"]
[BlackElo "2213"]
[PlyCount "78"]
[EventDate "2013.??.??"]

1. d4 b6 2. c4 Bb7 3. Nc3 Nf6 4. Nf3 e6 5. a3 Be7 6. d5 O-O 7. g3 exd5 8. cxd5
b5 9. Bg2 b4 10. axb4 Bxb4 11. Nh4 Na6 12. O-O Re8 13. Nf5 Nc5 14. Be3 a5 15.
Na2 d6 16. Bd4 Ncd7 17. Nxb4 axb4 18. Qd2 Ne5 19. Qg5 Ng6 20. Rxa8 Bxa8 21. Qd2
Bb7 22. Qxb4 Bxd5 23. Bxd5 Nxd5 24. Qb5 Nf6 25. Bxf6 gxf6 26. f4 Kf8 27. Rc1
Ne7 28. Nh6 c5 29. Qb3 d5 30. Rxc5 Qd6 31. Qc3 Kg7 32. Ng4 Qe6 33. Ne3 Ra8 34.
Qd4 Ra4 35. Qd3 Qb6 36. Rc2 Re4 37. Rc3 Nf5 38. Kh1 Nxe3 39. Rb3 Qa5 0-1

[Event "SR 2. liga A 2013/2014"]
[Site "?"]
[Date "2014.01.12"]
[Round "6.4"]
[White "Certek, Pavel"]
[Black "Biro, Karol"]
[Result "0-1"]
[WhiteElo "2286"]
[BlackElo "2190"]
[PlyCount "62"]
[EventDate "2013.??.??"]

1. d4 d5 2. c4 c6 3. cxd5 cxd5 4. Nc3 Nf6 5. Bf4 e6 6. e3 Be7 7. Bd3 O-O 8. Nf3
a6 9. Rc1 b5 10. O-O Bb7 11. Ne5 Nbd7 12. Nxd7 Qxd7 13. Nxb5 Rfc8 14. Nc3 Bc6
15. Qe2 Qb7 16. Rfd1 a5 17. Rc2 a4 18. Rdc1 h6 19. h3 Ne8 20. Nb1 Nd6 21. Nd2
Bd7 22. Qd1 Rxc2 23. Rxc2 Bb5 24. Qe2 Bxd3 25. Qxd3 Nb5 26. g4 Bd6 27. Bxd6
Nxd6 28. Qa3 Qa6 29. Qb4 Qe2 30. Rc6 Qe1+ 31. Kh2 Ne4 0-1

[Event "SR 2. liga A 2013/2014"]
[Site "?"]
[Date "2014.01.12"]
[Round "6.4"]
[White "Petreje, Juraj"]
[Black "Janos, Jozef"]
[Result "0-1"]
[WhiteElo "2106"]
[BlackElo "2123"]
[PlyCount "94"]
[EventDate "2013.??.??"]

1. Nf3 Nf6 2. g3 g6 3. Bg2 Bg7 4. O-O O-O 5. c4 d6 6. Nc3 e5 7. d3 Nc6 8. Rb1
a5 9. a3 h6 10. Bd2 Be6 11. Qc1 Kh7 12. b4 axb4 13. axb4 Qc8 14. Re1 Nd7 15.
Nd5 Bxd5 16. cxd5 Ne7 17. e4 c6 18. dxc6 bxc6 19. Qc2 c5 20. Rec1 Nc6 21. Qc4
Nxb4 22. Bxb4 cxb4 23. Rxb4 Qxc4 24. Rbxc4 Nc5 25. Ne1 Ra3 26. R4c3 Rfa8 27.
Kf1 h5 28. Ke2 Nb3 29. Rb1 Nd4+ 30. Kd2 Bh6+ 31. f4 exf4 32. Rxa3 f3+ 33. Kc3
fxg2 34. Nxg2 Rxa3+ 35. Kxd4 Bg7+ 36. Kc4 Rc3+ 37. Kd5 Rxd3+ 38. Kc6 Be5 39.
Ne1 Re3 40. Kd5 h4 41. Rd1 hxg3 42. hxg3 Bxg3 43. Nd3 Kg7 44. Kd4 Rf3 45. Rd2
f6 46. Kd5 Kf7 47. Nb2 Rb3 0-1

[Event "SR 2. liga A 2013/2014"]
[Site "?"]
[Date "2014.01.12"]
[Round "6.4"]
[White "Tepper, Frantisek"]
[Black "Kebis, Milos"]
[Result "1-0"]
[WhiteElo "2153"]
[BlackElo "1997"]
[PlyCount "70"]
[EventDate "2013.??.??"]

1. e4 e5 2. Nf3 Nc6 3. Nc3 Nf6 4. Bb5 d6 5. d4 exd4 6. Nxd4 Bd7 7. Nxc6 bxc6 8.
Bd3 Be7 9. O-O O-O 10. f4 Re8 11. Qf3 Bf8 12. Bd2 Rb8 13. b3 Qc8 14. h3 Qb7 15.
g4 Kh8 16. g5 Ng8 17. Rae1 Qc8 18. f5 Ne7 19. h4 c5 20. Bc4 Nc6 21. Bxf7 Ne5
22. Qh5 Nxf7 23. Qxf7 Re7 24. Qh5 Qe8 25. g6 h6 26. a3 Kg8 27. Bxh6 gxh6 28. f6
Be6 29. fxe7 Qxe7 30. Nd5 Qg7 31. Kh1 c6 32. Nf4 Bd7 33. Qf3 Be7 34. Nh5 Qxg6
35. Rg1 Bg5 1-0

[Event "SR 2. liga A 2013/2014"]
[Site "?"]
[Date "2014.01.12"]
[Round "6.4"]
[White "Mandak, Miroslav"]
[Black "Fabry, Robert"]
[Result "1-0"]
[WhiteElo "2008"]
[BlackElo "2132"]
[PlyCount "59"]
[EventDate "2013.??.??"]

1. e4 e5 2. Nf3 Nc6 3. Bc4 Nf6 4. d3 Be7 5. O-O O-O 6. Nc3 d6 7. h3 a6 8. a3
Be6 9. Bd5 Qd7 10. Be3 Rad8 11. Qe2 Nb8 12. Bxe6 fxe6 13. d4 exd4 14. Nxd4 c5
15. Nb3 Nc6 16. Rad1 Qe8 17. f4 Nd7 18. f5 exf5 19. exf5 Nde5 20. Nd5 Rc8 21.
g4 b5 22. Bf4 Bd8 23. Rfe1 Bh4 24. Rf1 Nc4 25. Qxe8 Rfxe8 26. Bc1 Re2 27. Nd2
Ne3 28. Nxe3 Rxe3 29. Nf3 Re2 30. Nxh4 1-0

[Event "SR 2. liga A 2013/2014"]
[Site "?"]
[Date "2014.01.12"]
[Round "6.4"]
[White "Mikulas, Dusan"]
[Black "Povysil, Peter"]
[Result "1/2-1/2"]
[WhiteElo "2112"]
[BlackElo "1991"]
[PlyCount "81"]
[EventDate "2013.??.??"]

1. e4 e6 2. d4 d5 3. e5 c5 4. c3 Nc6 5. Nf3 Qb6 6. Bd3 Bd7 7. O-O cxd4 8. cxd4
Nxd4 9. Nxd4 Qxd4 10. Nc3 a6 11. Qf3 Ne7 12. Bf4 Ng6 13. Bg3 Be7 14. Rfe1 O-O
15. Rad1 Qb4 16. Re2 Bb5 17. Nxb5 axb5 18. Bb1 Rac8 19. a3 Qa4 20. Red2 Rc7 21.
Rd4 b4 22. h4 Rfc8 23. h5 Nf8 24. Bf4 Bc5 25. R4d3 bxa3 26. bxa3 Be7 27. Rd4
Rc4 28. Rxc4 Rxc4 29. Bc1 Rc3 30. Qe2 Bxa3 31. Bd2 Rc8 32. Bd3 Bb2 33. Rb1 Bc3
34. Rc1 Qa3 35. Bf4 Ra8 36. Rb1 Qa4 37. g3 Qd7 38. Kg2 Bd4 39. Bb5 Qe7 40. Qd2
Bc5 41. Bg5 1/2-1/2

[Event "SR 2. liga A 2013/2014"]
[Site "?"]
[Date "2014.01.12"]
[Round "6.4"]
[White "Faltan, Peter"]
[Black "Kolman, Richard"]
[Result "1/2-1/2"]
[WhiteElo "1988"]
[BlackElo "2072"]
[PlyCount "71"]
[EventDate "2013.??.??"]

1. d4 d5 2. Nf3 Nf6 3. c4 dxc4 4. e3 Bg4 5. Bxc4 e6 6. O-O Nbd7 7. Nc3 a6 8. h3
Bh5 9. Be2 c5 10. b3 cxd4 11. Nxd4 Bb4 12. Bb2 Bxe2 13. Qxe2 Rc8 14. Nb1 Qe7
15. Nd2 O-O 16. Rfc1 e5 17. N4f3 e4 18. Nd4 Ne5 19. Nf5 Qe6 20. Bxe5 Qxe5 21.
Nd4 Bd6 22. Nf1 Ba3 23. Rc2 Nd5 24. Nd2 Rxc2 25. Nxc2 Bd6 26. g3 b5 27. Nd4 Nc3
28. Qf1 Ba3 29. Nb1 Nxb1 30. Rxb1 Rc8 31. Qe2 f5 32. Rd1 Bb4 33. Qf1 Rd8 34.
Nc6 Rxd1 35. Qxd1 Qd6 36. Qxd6 1/2-1/2